Online
Catalog

Psicología social y sus aplicaciones : (Record no. 38206)

MARC details
000 -CABECERA
campo de control de longitud fija 02091nam a2200397 i 4500
001 - NÚMERO DE CONTROL
campo de control 000038716
003 - IDENTIFICADOR DEL NÚMERO DE CONTROL
campo de control DO-SdBNP
005 - FECHA Y HORA DE LA ÚLTIMA TRANSACCIÓN
campo de control 20260116105540.0
007 - CAMPO FIJO DE DESCRIPCIÓN FÍSICA--INFORMACIÓN GENERAL
campo de control de longitud fija ta
008 - DATOS DE LONGITUD FIJA--INFORMACIÓN GENERAL
campo de control de longitud fija 101006s1999 dr 001 0 spa d
040 ## - FUENTE DE LA CATALOGACIÓN
Centro catalogador/agencia de origen DO-SdBNP
Lengua de catalogación spa
Centro/agencia transcriptor BNPHU
Normas de descripción rda
041 ## - CÓDIGO DE LENGUA
Código de lengua del texto/banda sonora o título independiente spa
082 #4 - NÚMERO DE LA CLASIFICACIÓN DECIMAL DEWEY
Número de clasificación 302
Número de documento/Ítem M516p 1999
Número de edición 22
100 1# - ENTRADA PRINCIPAL--NOMBRE DE PERSONA
Nombre de persona Mejía-Ricart G., Tirso,
Fechas asociadas al nombre 1936-2021
Forma completa/desarrollada del nombre (Mejía-Ricart Guzmán)
9 (RLIN) 1569
Código de función/relación aut.
Término indicativo de función/relación autor
245 10 - MENCIÓN DE TÍTULO
Título Psicología social y sus aplicaciones :
Resto del título psicología social básica /
Mención de responsabilidad, etc. Tirso Mejía Ricart.
250 ## - MENCIÓN DE EDICIÓN
Mención de edición Segunda edición
264 ## - PRODUCCIÓN, PUBLICACIÓN, DISTRIBUCIÓN, FABRICACIÓN Y COPYRIGHT
Producción, publicación, distribución, fabricación y copyright Santo Domingo, República Dominicana :
Nombre del de productor, editor, distribuidor, fabricante UASD:
-- Fundación Mejía Ricart-Guzmán Boom,
Fecha de producción, publicación, distribución, fabricación o copyright 1999.
300 ## - DESCRIPCIÓN FÍSICA
Extensión volumen
Dimensiones 23 cm.
490 1# - MENCIÓN DE SERIE
Mención de serie Colección textos básicos ;
Designación de volumen o secuencia 4
490 1# - MENCIÓN DE SERIE
Mención de serie Salud y sociedad ;
Designación de volumen o secuencia 21
490 1# - MENCIÓN DE SERIE
Mención de serie Publicaciones de la Universidad Autónoma de Santo Domingo
Designación de volumen o secuencia 768
500 ## - NOTA GENERAL
Nota general Incluye índice
500 ## - NOTA GENERAL
Nota general La biblioteca posee el v. 1
500 ## - NOTA GENERAL
Nota general Incluye índice
505 0# - NOTA DE CONTENIDO CON FORMATO
Información miscelánea v.1
Título Psicología social básica --
-- Las bases de la psicología básica --
-- Las actitudes y los procesos psicosociales --
-- La conducta colectiva --
-- Conducta desviada y problemas sociales --
-- El comportamiento desviado --
-- Desviaciones que afectan primariamente a los individuos --
-- Desviaciones que afectan fundamentalmente el orden familiar --
-- Desviciones que afectan directamente a la comunidad --
-- Psicología social aplicada --
-- Perspectivas y recursos de la psicologia social aplicada --
-- La psicología social aplicada a los servicios sociales y a las artes --
-- Psicologia aplicada a la vida economica --
-- La psicologia politica y juridica --
590 ## - NOTA LOCAL (RLIN)
Nota local Inventariado, 2018/VM
650 #0 - PUNTO DE ACCESO ADICIONAL DE MATERIA--TÉRMINO DE MATERIA
Término de materia o nombre geográfico como elemento de entrada Psicología social
9 (RLIN) 1574
650 #0 - PUNTO DE ACCESO ADICIONAL DE MATERIA--TÉRMINO DE MATERIA
Término de materia o nombre geográfico como elemento de entrada Psicología aplicada
9 (RLIN) 1579
650 #0 - PUNTO DE ACCESO ADICIONAL DE MATERIA--TÉRMINO DE MATERIA
Término de materia o nombre geográfico como elemento de entrada Actitud (Psicología)
9 (RLIN) 852
650 #0 - PUNTO DE ACCESO ADICIONAL DE MATERIA--TÉRMINO DE MATERIA
Término de materia o nombre geográfico como elemento de entrada Conducta colectiva
9 (RLIN) 12036
830 #0 - PUNTO DE ACCESO ADICIONAL DE SERIE-TÍTULO UNIFORME
Título uniforme Colección textos básicos;
Número de parte o sección de la obra 4
9 (RLIN) 65022
830 #0 - PUNTO DE ACCESO ADICIONAL DE SERIE-TÍTULO UNIFORME
Título uniforme Salud y sociedad ;
Número de parte o sección de la obra 21
9 (RLIN) 65023
830 #0 - PUNTO DE ACCESO ADICIONAL DE SERIE-TÍTULO UNIFORME
Título uniforme Publicaciones de la Universidad Autónoma de Santo Domingo
Número de parte o sección de la obra 768
9 (RLIN) 65024
910 ## - DATOS DE OPCIÓN DEL USUARIO (OCLC)
Datos de opción del usuario Validado. Control de calidad MFF
942 ## - ELEMENTOS DE PUNTO DE ACCESO ADICIONAL (KOHA)
Fuente del sistema de clasificación o colocación Dewey Decimal Classification
Tipo de ítem Koha Libro
Holdings
Estado de retiro Estado de pérdida Fuente del sistema de clasificación o colocación Restricciones de uso No para préstamo Código de colección Localización permanente Ubicación/localización actual Ubicación en estantería Fecha de adquisición Total de préstamos Signatura topográfica completa Código de barras Fecha visto por última vez Precio válido a partir de Tipo de ítem Koha
    Dewey Decimal Classification Excluido de préstamo   Patrimonio Dominicano Biblioteca Nacional Pedro Henríquez Ureña Biblioteca Nacional Pedro Henríquez Ureña Depósito 19.04.2013   BNPHU PD 302 M516p 1999 38716-10 25.06.2020 25.06.2020 Libro
    Dewey Decimal Classification Excluido de préstamo   Patrimonio Dominicano Biblioteca Nacional Pedro Henríquez Ureña Biblioteca Nacional Pedro Henríquez Ureña Depósito 19.04.2013   BNPHU PD 302 M516p 1999 38717-10 25.06.2020 25.06.2020 Libro

Powered by Koha